| 000 | 00484nam a2200169Ia 4500 | ||
|---|---|---|---|
| 008 | 230718s9999 xx 000 0 und d | ||
| 020 | _a9788120342873 | ||
| 041 | _aeng | ||
| 082 |
_a808.042 _bGAN |
||
| 100 |
_aGangal J.K. _9193947 |
||
| 245 | _aPractical Course For Developing Writing Skills In English | ||
| 260 |
_c2013 _bPHI Learning |
||
| 300 | _a360 | ||
| 365 |
_cRs. _b250.00 |
||
| 700 |
_aGangal J.K. _9193947 |
||
| 906 |
_dO:0388021-May-2014B:IN 8120-Apr-2014 _cGENRL _b67.5 |
||
| 999 |
_c336160 _d336160 |
||